Economic concepts : a programmed approach

Bibliographic Details
Main Author: Bingham, Robert C
Other Authors: Pope, William Henry
Format: Book
Edition:10th ed
Subjects:

MARC

LEADER 00000cam a2200000 7i4500
001 0000004394
002 000004723
005 .0
020 |a 0070455910 
090 0 0 |a 330.077   |b BIN 
100 1 |a Bingham, Robert C 
245 1 0 |a Economic concepts :   |b a programmed approach   |c RobertC. Bingham, William Henry Pope 
250 |a 10th ed 
300 |a 448p. ;   |c 25cm. 
650 0 0 |a Economics   |x Programmed instruction 
700 1 |a Pope, William Henry 
999 |a 032887   |b BUKU   |c PINJAMAN   |e PERPUSTAKAAN KOMUNITI PETALING JAYA